The princess / directed by Le-Van Kiet ; written by Ben Lustig, Jake Thornton ; produced by Toby Jaffe, Derek Kolstad, Neal H. Moritz (Record no. 20961)

000 -LEADER
fixed length control field 01227nam a22002897a 4500
008 - FIXED-LENGTH DATA ELEMENTS--GENERAL INFORMATION
fixed length control field 250528b xxu||||| |||| 00| 0 eng d
040 ## - CATALOGING SOURCE
Original cataloging agency Cagayan State University
Description conventions RDA
082 ## - DEWEY DECIMAL CLASSIFICATION NUMBER
Classification number 791.4372
Item number T3746 2022
245 ## - TITLE STATEMENT
Title The princess / directed by Le-Van Kiet ; written by Ben Lustig, Jake Thornton ; produced by Toby Jaffe, Derek Kolstad, Neal H. Moritz
260 ## - PUBLICATION, DISTRIBUTION, ETC. (IMPRINT)
Place of publication, distribution, etc United States :
Name of publisher, distributor, etc 20th Century Studios ;
-- Original Film,
Date of publication, distribution, etc 2022.
300 ## - PHYSICAL DESCRIPTION
Extent 1 videofile, (ca. 94 mins.) :
Other physical details sound, color.
520 ## - SUMMARY, ETC.
Summary, etc When a strong-willed princess refuses to wed the cruel sociopath, she is kidnapped and locked in a remote tower of her father’s castle. With her vindictive suitor intent on taking her father’s throne, the princess must save the kingdom.
521 ## - TARGET AUDIENCE NOTE
Target audience note Rated R for strong/bloody violence and some language.
546 ## - LANGUAGE NOTE
Language note English.
650 ## - SUBJECT ADDED ENTRY--TOPICAL TERM
Topical term or geographic name as entry element Action.
650 ## - SUBJECT ADDED ENTRY--TOPICAL TERM
Topical term or geographic name as entry element Fantasy.
650 ## - SUBJECT ADDED ENTRY--TOPICAL TERM
Topical term or geographic name as entry element Thriller.
650 ## - SUBJECT ADDED ENTRY--TOPICAL TERM
Topical term or geographic name as entry element Drama.
650 ## - SUBJECT ADDED ENTRY--TOPICAL TERM
Topical term or geographic name as entry element Dark Comedy.
700 ## - ADDED ENTRY--PERSONAL NAME
Personal name King, Joey, star.
700 ## - ADDED ENTRY--PERSONAL NAME
Personal name Cooper, Dominic, star.
700 ## - ADDED ENTRY--PERSONAL NAME
Personal name Kurylenko, Olga, star.
700 ## - ADDED ENTRY--PERSONAL NAME
Personal name Ngo, Veronica, star.
700 ## - ADDED ENTRY--PERSONAL NAME
Personal name Senatore, Lorenzo, cinematographer.
700 ## - ADDED ENTRY--PERSONAL NAME
Personal name Fenn, Alex, editor.
942 ## - ADDED ENTRY ELEMENTS (KOHA)
Source of classification or shelving scheme
Item type Audio-Visual Materials
Holdings
Source of acquisition Price effective from Permanent location Date last seen Not for loan Date acquired Source of classification or shelving scheme Koha item type Collection code Shelving location Damaged status Lost status Withdrawn status Current location Full call number
Donation2025-05-28Cagayan State University - Carig Library2025-05-28 2025-05-28 Audio-Visual MaterialsElectronic Media CenterElectronic Media Center   Cagayan State University - Carig Library791.4372 T3746 2022

Cagayan State University University Library, Carig Campus
Tuguegarao City, Cagayan 3500 | www.csucarig.edu.ph

Powered by Koha